Регионална библиотека "Любен Каравелов" - Русе

Ръководство за отглеждане на пчели (Запис номер 416923)

MARC детайли
000 -Лидер
Контролно поле с фиксирана дължина nam a22 a 4500
003 - Код на организацията, давaща контролен номер
Контролно поле BLK
005 - Дата и час на последна редакция
Контролно поле 20210531130044.0
008 - Елементи от данни с фиксирана дължина
fixed length control field 180409b bul|||||r ||||||| ||bul||
010 ## - Наследен системен номер
LC control number KNG00132300000
040 ## - Източник на каталожния запис
Идентификатор на билиотеката - собственик на записа BLK
041 ## - Код за език
Код за езика на текст/звукозапис или на отделно заглавие Български
Код за езика КДБФ Български
080 ## - УДК
Текстов определител УДК Пчеларство. Медоносна пчела (Вж и 595.799)
УДК код - определител по УДК 638.1
УДК - код + определител 638.1(035)
100 1# - Редна дума - Автор
Автор Бертран, Едуард
Авторска отговорност първи автор
R(LIN) 320206
139 ## - Редно поле
Редна дума Бертран, Едуард
Авторски знак Беро - Б 40
245 10 - Сведения за заглавието
Заглавие Ръководство за отглеждане на пчели
Подзаглавни данни Пчеловъдски календар : [Ч. 1] - 2
Редно поле (дума) Едуард Бертран; прев. Г. Гергов.
Том [Ч. 1].
Заглавие на том Отглеждане на пчели
257 ## - Страна на издаване
Страна на създаване/издаване Франция
260 ## - Област на издателските данни
Място на издаване, разпространение и проч. София
Име на издателя, разпространителя и проч. б. и.
Година на издаване 1898
Печатница София : Либер. клуб
9 (RLIN) 441842
300 ## - Физическа характеристика
Размери/Мащаб 23 см
380 ## - Жанр
Жанр Селско стопанство
490 ## - СЕРИИ (Колекции)
9 (RLIN) 435080
Име на серия Колекция Редки и ценни издания
650 #4 - Допълнително описание по предмет – тема
Основно описание – тема или топоним Пчели - отглеждане - наръчници и ръководства
9 (RLIN) 255773
650 #4 - Допълнително описание по предмет – тема
Основно описание – тема или топоним Пчеларство - наръчници и ръководства
9 (RLIN) 242770
653 #7 - Ключова дума – ненормативна
Ключова дума пчели
9 (RLIN) 194959
653 ## - Ключова дума – ненормативна
Ключова дума отглеждане
653 ## - Ключова дума – ненормативна
Ключова дума наръчници
700 1# - Други автори (авторска отговорност)
Лично име Гергов, Г.
Автороска отговорност (Описва отношението между автора и произведението) прев.
9 (RLIN) 320207
760 1# - Описание на основната серия
Редна дума на основното описание Бертран, Едуард
Място на издаване, издател и година 1898
Страници - том 135 с.
Част - том [Ч. 1].
Заглавие Отглеждане на пчели
852 ## - Местоположение
Форматна сигнатура Рб 898
Фондова буква Редки и ценни
999 ## - СИСТЕМНИ КОНТРОЛНИ НОМЕРА
Koha biblionumber 416923
Koha biblioitemnumber 416923
942 ## - АРТИКУЛИ
Вид на библиотечния материал Книги
Скрит в OPAC Не
Периодичен библиозапис Да
944 ## - СЪЗДАВАНЕ И РЕДАКЦИЯ на ЗАПИСА
Създаване/Редакция Създаване
Дата на регистрацията/редакция 2021-05-31
Статус, дата на статуса 2021-05-31
Служител, извършил регистрацията/редакцията Кети
Наличности
Код за отписване Код за изгубен артикул Източник на класификационната схема Код за повреда Коз за рестрикции Код за отдаване Артикулен № Име на библиотеката - собственик Име на библиотеката, в която се намира в момента Статус (Текущо местоположение) Дата на вписване в системата Местоположение - отдел Цена в лева Инвентарен номер Систематично азбучна сигнатура Баркод Цена в евро Служебен тип на артикула
  Не е изгубен Universal Decimal Classification Не е повреден само за читалня Специални фондове ( старопечатни, редки и ценни, фонд М. Арнаудов) 853178 Регионална библиотека "Любен Каравелов" Русе Регионална библиотека "Любен Каравелов" Русе Редки и ценни 2021-09-20 Редки и ценни 0.10 9592 Рб 898 900000061014 0.05 Книги
Vip Innovations Ltd, Rousse, Bulgaria 2025